000
00212nam a22000977a 4500
082
_a
621.384 REP'A
245
_a
REPAIR OF RADIO SET A-220 AND INTERPHONE A-221
260
_c
1974
300
_a
VOL-1
942
_c
BK
999
_c
580922
_d
580922